000 00724nam a2200253Ia 4500
003 OSt
005 20221005045752.0
006 a|||||r|||| 00| 0
007 ta
008 221004b |||||||| |||| 00| 0 ben d
020 _a8180930688 (hbk)
024 _a17894
037 _bGift, 26/05/2015,
_cTextual
040 _aCRL
_cCRL
_bben
041 _2ben
_aben
082 _aO157,3N35x, P7
100 _aMukhopadhyay Shirshendu
_9211311
245 0 _aGoyenda berdacharan samgra
260 _aKolkata
_bNath Pub India
_c2007
300 _a401p.
_ccm.
650 _aBENGALI LITERATURE
942 _hO157,3N35x, P7
_cTEXL
_2cc
999 _c955684
_d955684